One Word Tony Best Musicals Quiz Stats

 Plays Quiz Updated Jun 12, 2016

Challenge
Share
Tweet
Embed
Score 0/21 Timer 05:00
4 Plays Today
Hint Answer % Correct
1996Rent
77.3%
1983Cats
73.9%
2016Hamilton
68.8%
1967Cabaret
39.3%
1977Annie
37.1%
2003Hairspray
37%
1980Evita
36%
2012Once
25.4%
1971Company
20.2%
1997Titanic
19.3%
1982Nine
17%
Hint Answer % Correct
2010Memphis
16.4%
19691776
16.1%
1999Fosse
14.7%
1954Kismet
14.6%
1960Fiorello!
14.4%
2000Contact
13.7%
1994Passion
13.6%
1970Applause
12.6%
1974Raisin
11.5%
1959Redhead
11.5%

You're not logged in!

Compare scores with friends on all Sporcle quizzes.
OR
Log In

You Might Also Like...

Show Comments

Extras

Top Quizzes Today


Score Distribution

Your Account Isn't Verified!

In order to create a playlist on Sporcle, you need to verify the email address you used during registration. Go to your Sporcle Settings to finish the process.

Report this User

Report this user for behavior that violates our Community Guidelines.

Details: